000
00206nam a2200097Ia 4500
008
190216s9999||||xx |||||||||||||| ||und||
100
_a
Null
245
0
_a
Hindi-Gher Mera Hain
260
_b
Null
942
_c
BK
999
_c
17416
_d
17416